Princípy a stratégie prevencie drogových závislostí v ONDCP

Podrobná bibliografia
Hlavný autor: Kuchárová, Barbora, 1972- (Autor)
Médium: Článok
Jazyk:slovenčina
ISSN:1336-9679
Predmet:

MARC

LEADER 00000nab a2200000 ar4500
001 vtls008855823
003 SK-MaSNL
005 20260305014219.0
008 061018c2006 xo qr|p|||||||000 b|slo
015 |a SNBRB2006/10  |2 snkbucl 
038 |a SNKBUCL 
040 |a SNKBUCL  |b slo  |c SNKBUCL  |e AACR2 
041 0 |a slo 
044 |a xo  |c SK 
080 |a 613.81/.84  |2 UDC-MRF-SK2 
080 |a 615.015.6  |2 UDC-MRF-SK2 
100 1 |a Kuchárová, Barbora,  |d 1972-  |4 aut  |9 215847 
245 1 0 |a Princípy a stratégie prevencie drogových závislostí v ONDCP  |c Barbora Kuchárová 
650 0 7 |a drogy  |2 snkbucl  |9 1552 
650 0 7 |a drogová prevencia  |2 snkbucl  |9 1549 
773 0 |t Sociálna prevencia : prevencia drogových závislostí  |g Roč. I, č. 2 (2006), s. 13  |x 1336-9679 
852 |a SNK  |b KIS3GCP 
958 |a ME 
999 |c 3268331  |d 3270261